000 00740nab a2200229 u 4500
001 10029
003 HDC
007 cr bn ---aaaaa
008 210203c mydr|nes 0 a may d
040 _aHDC
245 0 _aIslamic finance has ample room for growth
260 _aKuala Lumpur :
_bNew Straits Times,
_c2012
336 _atext
_2rdacontent
337 _acomputer
_2rdamedia
338 _aonline resource
_2rdacarrier
650 _aHalal industry
_9144
650 _aIslamic Financial
_97023
856 _zRequest full-text at [email protected]
942 _2lcc
942 _cNEWS
942 _kNWSC 003441
999 _c7352
_d7352